|
|
|
|
| LEADER |
00000nab a2200000 ar4500 |
| 001 |
vtls008831349 |
| 003 |
SK-MaSNL |
| 005 |
20260305002125.0 |
| 008 |
060717c2006 xo mr|p|||||||000 b|slo |
| 015 |
|
|
|a SNBRB2006/07
|2 snkbucl
|
| 040 |
|
|
|a SNKBUCL
|b slo
|c SNKBUCL
|e AACR2
|
| 041 |
0 |
|
|a slo
|
| 044 |
|
|
|a xo
|c SK
|
| 080 |
|
|
|a 008
|x (437.6)
|2 2001
|
| 080 |
|
|
|a 32-051
|2 2001
|
| 100 |
1 |
|
|a Števko, Ľudovít,
|d 1939-2025
|4 ivr
|4 aut
|9 106971
|
| 245 |
1 |
0 |
|a Politika do kultúry nepatrí
|b Dušan Jarjabek
|c [zhovárali sa] Ľudovít Števko, Pavel Kapusta
|
| 300 |
|
|
|b Fotogr.
|
| 600 |
1 |
7 |
|a Jarjabek, Dušan,
|d 1953-
|2 snkbucl
|9 119558
|
| 650 |
0 |
7 |
|a kultúrna politika
|2 snkbucl
|9 66926
|
| 650 |
0 |
7 |
|a slovenská kultúra
|2 snkbucl
|9 54525
|
| 655 |
|
7 |
|a rozhovory
|2 snkbucl
|9 31831
|
| 700 |
1 |
|
|a Kapusta, Pavel,
|d 1969-
|4 ivr
|4 aut
|9 838890
|
| 700 |
1 |
|
|a Jarjabek, Dušan,
|d 1953-
|4 ive
|4 aut
|9 119558
|
| 773 |
0 |
|
|t Extra plus
|g Roč. 6, júl (2006), s. 14-[18]
|x 1336-0256
|
| 852 |
|
|
|a SNK
|b KIS3GCP
|
| 999 |
|
|
|c 3223921
|d 3225851
|